| 000 | 00903nam a2200313 a 4500 | ||
|---|---|---|---|
| 001 | 000108010 | ||
| 003 | CHAP | ||
| 005 | 20240503142929.0 | ||
| 008 | 131127s2007 mx a |r| |||||||spa d | ||
| 010 | _a104472 | ||
| 011 | _a105444 | ||
| 020 | _a9789701512814 (libro) | ||
| 020 | _a9789701512814 (CD) | ||
| 040 | _cCHAP | ||
| 082 | 0 | 4 |
_a371.3 _bH55 2007 |
| 100 | 1 |
_aHernandez Forte, Virgilio. _9124770 |
|
| 245 | 1 | 0 |
_aMapas conceptuales : _bla gestión del conocimiento en la didáctica / _cpor Virgilio Hernandez Forte. |
| 250 | _a2 ed. | ||
| 260 |
_aMexico, D.F. : _bAlfaomega, _c2007. |
||
| 300 |
_a316 p. : _bil. |
||
| 500 | _aMAPAS CONCEPTUALES | ||
| 590 |
_aE6096MTM _b05 _c20131127 |
||
| 590 |
_aE6339RRR _b05 _c20191029 |
||
| 650 | 1 | 4 |
_aAprendizaje _xPsicología del _96372 |
| 650 | 1 | 4 |
_aEnseñanza _xMetodología. _937086 |
| 901 | _aBK | ||
| 942 |
_cLIBRO _2ddc |
||
| 942 |
_n0 _2ddc |
||
| 999 |
_c104472 _d104472 |
||